000 00225nam a2200109Ia 4500
100 _a#N/A
942 _cBK
245 _aIndustrial Safety Cronical Oct - Dec Vol 17 no. 3
260 _b#N/A
546 _aENGLISH
999 _c31901
_d31901